<?xml version="1.0" encoding="UTF-8"?>
<collection xmlns="http://www.loc.gov/MARC21/slim">
 <record>
  <leader>03020nam a2200313 a 4500</leader>
  <controlfield tag="001">1/45163</controlfield>
  <controlfield tag="008">140729s2004    ne            001 0 eng  </controlfield>
  <datafield tag="020" ind1=" " ind2=" ">
   <subfield code="a">9780080497709 (electronic bk.)</subfield>
  </datafield>
  <datafield tag="020" ind1=" " ind2=" ">
   <subfield code="a">0080497705 (electronic bk.)</subfield>
  </datafield>
  <datafield tag="020" ind1=" " ind2=" ">
   <subfield code="z">9780750675796</subfield>
  </datafield>
  <datafield tag="020" ind1=" " ind2=" ">
   <subfield code="z">0750675799</subfield>
  </datafield>
  <datafield tag="035" ind1=" " ind2=" ">
   <subfield code="l">48121</subfield>
  </datafield>
  <datafield tag="040" ind1=" " ind2=" ">
   <subfield code="a">BUF</subfield>
   <subfield code="b">eng</subfield>
   <subfield code="c">BUF</subfield>
   <subfield code="d">TEF</subfield>
   <subfield code="d">OCLCQ</subfield>
   <subfield code="d">OPELS</subfield>
   <subfield code="d">N$T</subfield>
   <subfield code="d">YDXCP</subfield>
   <subfield code="d">SINTU</subfield>
   <subfield code="d">EEICP</subfield>
   <subfield code="d">CEF</subfield>
   <subfield code="d">B24X7</subfield>
   <subfield code="d">MERUC</subfield>
   <subfield code="d">IDEBK</subfield>
   <subfield code="d">ZCU</subfield>
   <subfield code="d">E7B</subfield>
   <subfield code="d">OCLCO</subfield>
   <subfield code="d">TEFOD</subfield>
   <subfield code="d">OCLCQ</subfield>
   <subfield code="d">KNOVL</subfield>
   <subfield code="d">OCLCF</subfield>
   <subfield code="d">GR-PeUP</subfield>
  </datafield>
  <datafield tag="100" ind1="1" ind2=" ">
   <subfield code="a">Muhlbauer, W. Kent.</subfield>
  </datafield>
  <datafield tag="245" ind1="1" ind2="0">
   <subfield code="a">Pipeline risk management manual</subfield>
   <subfield code="h">[electronic resource] :</subfield>
   <subfield code="b">ideas, techniques, and resources /</subfield>
   <subfield code="c">by W. Kent Muhlbauer.</subfield>
  </datafield>
  <datafield tag="250" ind1=" " ind2=" ">
   <subfield code="a">3rd ed.</subfield>
  </datafield>
  <datafield tag="260" ind1=" " ind2=" ">
   <subfield code="a">Amsterdam ;</subfield>
   <subfield code="a">Boston :</subfield>
   <subfield code="b">Elsevier,</subfield>
   <subfield code="c">c2004.</subfield>
  </datafield>
  <datafield tag="300" ind1=" " ind2=" ">
   <subfield code="a">1 online resource (xvii, 395 p.) :</subfield>
   <subfield code="b">ill.</subfield>
  </datafield>
  <datafield tag="504" ind1=" " ind2=" ">
   <subfield code="a">Includes bibliographical references and index.</subfield>
  </datafield>
  <datafield tag="505" ind1="0" ind2=" ">
   <subfield code="a">Acknowledgements ... -- Risk: Theory and Application; Risk Management Process; Third Party Damage Index; Corrosion Index; Design Index; Incorrect Operations Index; Leak Impact Index; Data Management and Analyses; Additional Risk Modules; Service Interruption; Distribution Systems; Offshore Pipeline Systems; Stations and Surface Facilities; Absolute Risk; Risk Management.</subfield>
  </datafield>
  <datafield tag="520" ind1=" " ind2=" ">
   <subfield code="a">Here's the ideal tool if you're looking for a flexible, straightforward analysis system for your everyday design and operations decisions. This new third edition includes sections on stations, geographical information systems, &quot;absolute&quot; versus &quot;relative&quot; risks, and the latest regulatory developments. From design to day-to-day operations and maintenance, this unique volume covers every facet of pipeline risk management, arguably the most important, definitely the most hotly debated, aspect of pipelining today. Now expanded and updated, this widely accepted standard reference guides you in managing the risks involved in pipeline operations. You'll also find ways to create a resource allocation model by linking risk with cost and customize the risk assessment technique to your specific requirements. The clear step-by-step instructions and more than 50 examples make it easy. This edition has been expanded to include offshore pipelines and distribution system pipelines as well as cross-country liquid and gas transmission pipelines. The only comprehensive manual for pipeline risk managementUpdated material on stations, geographical information systems, &quot;absolute&quot; versus &quot;relative&quot; risks, and the latest regulatory developmentsSet the standards for global pipeline risk management.</subfield>
  </datafield>
  <datafield tag="650" ind1=" " ind2="4">
   <subfield code="a">Pipelines</subfield>
   <subfield code="x">Safety measures</subfield>
   <subfield code="v">Handbooks, manuals, etc.</subfield>
  </datafield>
  <datafield tag="650" ind1=" " ind2="4">
   <subfield code="a">Pipelines</subfield>
   <subfield code="x">Reliability</subfield>
   <subfield code="v">Handbooks, manuals, etc.</subfield>
  </datafield>
  <datafield tag="655" ind1=" " ind2="4">
   <subfield code="a">Electronic books.</subfield>
  </datafield>
  <datafield tag="655" ind1=" " ind2="4">
   <subfield code="a">Handbooks, manuals, etc.</subfield>
  </datafield>
  <datafield tag="852" ind1=" " ind2=" ">
   <subfield code="a">INST</subfield>
   <subfield code="b">UNIPILB</subfield>
   <subfield code="c">EBOOKS</subfield>
   <subfield code="e">20140729</subfield>
   <subfield code="p">00b48121</subfield>
   <subfield code="q">00b48121</subfield>
   <subfield code="t">ONLINE</subfield>
   <subfield code="y">0</subfield>
  </datafield>
  <datafield tag="856" ind1="4" ind2="0">
   <subfield code="3">ScienceDirect</subfield>
   <subfield code="u">http://www.sciencedirect.com/science/book/9780750675796</subfield>
  </datafield>
  <datafield tag="856" ind1="4" ind2=" ">
   <subfield code="d">/webopac/covers/03/48121_9780080497709.jpg</subfield>
   <subfield code="z">(electronic bk.)</subfield>
  </datafield>
  <datafield tag="856" ind1="4" ind2=" ">
   <subfield code="d">/webopac/covers/03/48121_0080497705.jpg</subfield>
   <subfield code="z">(electronic bk.)</subfield>
  </datafield>
 </record>
</collection>
